Statistics for Every Premier League Goalscorer (2001/02)

Click here to take the quiz!

General Stats

  • This quiz has been taken 24 times
  • The average score is 62 of 253

Answer Stats

PlayerClubGoals% Correct
Thierry HenryArsenal 24
100%
Alan ShearerNewcastle United23
79%
Andy ColeBlackburn Rovers9
74%
Andy ColeManchester United4
74%
Ashley ColeArsenal 2
74%
Carlton ColeChelsea 1
74%
Henning BergBlackburn Rovers1
74%
Dennis BergkampArsenal 9
68%
Dwight YorkeManchester United1
68%
Frank LampardChelsea 5
68%
Kevin CampbellEverton 4
68%
Michael OwenLiverpool 19
68%
Patrick VieiraArsenal 2
68%
Robert PirèsArsenal 9
68%
Ruud van NistelrooyManchester United23
68%
Sol CampbellArsenal 2
68%
Paul ScholesManchester United8
63%
Robbie KeaneLeeds United3
63%
Roy KeaneManchester United3
63%
Steven GerrardLiverpool 3
63%
Alan SmithLeeds United4
58%
Freddie LjungbergArsenal 12
58%
Ryan GiggsManchester United7
58%
Damien JohnsonBlackburn Rovers1
53%
David BeckhamManchester United11
53%
Gianfranco ZolaChelsea 3
53%
Jermaine WrightIpswich Town1
53%
Jimmy Floyd HasselbainkChelsea 23
53%
John TerryChelsea 1
53%
Les FerdinandTottenham Hotspur9
53%
Nicolas AnelkaLiverpool 4
53%
Ole Gunnar SolskjærManchester United17
53%
Paolo Di CanioWest Ham United9
53%
Robbie FowlerLeeds United12
53%
Robbie FowlerLiverpool3
53%
Emmanuel PetitChelsea 1
47%
Jamie RedknappLiverpool 1
47%
Kevin PhillipsSunderland11
47%
Matthew JonesLeicester City1
47%
Phil NevilleManchester United2
47%
Teddy SheringhamTottenham Hotspur10
47%
Danny MurphyLiverpool 6
42%
Harry KewellLeeds United8
42%
Sami HyypiäLiverpool 3
42%
Sylvain WiltordArsenal 10
42%
Dean RichardsTottenham Hotspur2
37%
Jermain DefoeWest Ham United10
37%
Juan Sebastián VerónManchester United5
37%
Kevin DaviesSouthampton 2
37%
LaurénArsenal 2
37%
Louis SahaFulham 8
37%
Mark VidukaLeeds United11
37%
Nwankwo KanuArsenal 3
37%
Paul InceMiddlesbrough 2
37%
Peter CrouchAston Villa2
37%
Simon DaviesTottenham Hotspur4
37%
Craig BellamyNewcastle United10
32%
Damien DuffBlackburn Rovers7
32%
Darren BentIpswich Town1
32%
Dion DublinAston Villa4
32%
Eiður GuðjohnsenChelsea 14
32%
Emile HeskeyLiverpool 9
32%
Gareth SouthgateMiddlesbrough 1
32%
Gustavo PoyetTottenham Hotspur10
32%
James BeattieSouthampton 12
32%
Jason EuellCharlton Athletic11
32%
Jesper BlomqvistEverton 1
32%
Laurent RobertNewcastle United8
32%
Marcus BentIpswich Town9
32%
Mark HughesBlackburn Rovers1
32%
Nolberto SolanoNewcastle United7
32%
Steve BrownCharlton Athletic2
32%
Thomas GravesenEverton 2
32%
Tugay KerimoğluBlackburn Rovers3
32%
Danny MillsLeeds United1
26%
Darius VassellAston Villa12
26%
David DunnBlackburn Rovers7
26%
Dennis WiseLeicester City1
26%
Duncan FergusonEverton 6
26%
Fabrizio RavanelliDerby County9
26%
Francis JeffersArsenal 2
26%
Ian TaylorAston Villa3
26%
John Arne RiiseLiverpool 7
26%
Jonatan JohanssonCharlton Athletic5
26%
Juan Pablo ÁngelAston Villa12
26%
Kieron DyerNewcastle United3
26%
Laurent BlancManchester United1
26%
Lee BowyerLeeds United5
26%
Lee HendrieAston Villa2
26%
Marcel DesaillyChelsea 1
26%
Marians PaharsSouthampton 14
26%
Matt JansenBlackburn Rovers10
26%
Michael CarrickWest Ham United2
26%
Niall QuinnSunderland 6
26%
Nicky ButtManchester United1
26%
Paul MersonAston Villa2
26%
Quinton FortuneManchester United1
26%
Rob LeeNewcastle United1
26%
Ronny JohnsenManchester United1
26%
Abel XavierLiverpool1
21%
Ade AkinbiyiLeicester City2
21%
Alessandro PistoneEverton 1
21%
Alun ArmstrongIpswich Town4
21%
Benito CarboneDerby County1
21%
Benito CarboneMiddlesbrough1
21%
Claus JensenCharlton Athletic1
21%
Darren AndertonTottenham Hotspur4
21%
Dean SturridgeLeicester City3
21%
Frédéric KanoutéWest Ham United11
21%
Gary SpeedNewcastle United4
21%
Giorgi KinkladzeDerby County1
21%
Ian HarteLeeds United5
21%
Kevin NolanBolton Wanderers8
21%
Lee MorrisDerby County4
21%
Marcus StewartIpswich Town6
21%
Matt HollandIpswich Town3
21%
Michael RickettsBolton Wanderers13
21%
Muzzy IzzetLeicester City4
21%
Patrik BergerLiverpool 1
21%
Ricardo GardnerBolton Wanderers3
21%
Robbie ElliottNewcastle United1
21%
Scott ParkerCharlton Athletic1
21%
Sergiy RebrovTottenham Hotspur1
21%
Tomasz RadzinskiEverton 6
21%
Trevor SinclairWest Ham United5
21%
Ugo EhioguMiddlesbrough 1
21%
Vladimír ŠmicerLiverpool 4
21%
Alen BokšićMiddlesbrough8
16%
Anders SvenssonSouthampton 4
16%
Barry HaylesFulham 8
16%
Boudewijn ZendenChelsea 3
16%
Brett OrmerodSouthampton 1
16%
Chris PowellCharlton Athletic1
16%
Darryl PowellDerby County1
16%
David UnsworthEverton 3
16%
David WeirEverton 4
16%
Dean HoldsworthBolton Wanderers2
16%
Deon BurtonDerby County1
16%
Dietmar HamannLiverpool 1
16%
Edú GasparArsenal 1
16%
Garry FlitcroftBlackburn Rovers1
16%
George BoatengAston Villa1
16%
Graeme Le SauxChelsea 1
16%
Hermann HreiðarssonIpswich Town1
16%
James ScowcroftLeicester City5
16%
Joe-Max MooreEverton 2
16%
Jonathan GreeningMiddlesbrough 1
16%
Kevin KilbaneSunderland 2
16%
Kevin LisbieCharlton Athletic5
16%
Lee CarsleyEverton 1
16%
Luís Boa MorteFulham 1
16%
Malcolm ChristieDerby County9
16%
Mario MelchiotChelsea 2
16%
Martijn ReuserIpswich Town1
16%
Matt OakleySouthampton 1
16%
Nathan BlakeBlackburn Rovers1
16%
Nick ChadwickEverton 3
16%
Niclas AlexanderssonEverton 2
16%
Olivier BernardNewcastle United3
16%
Paul GascoigneEverton 1
16%
Paul TelferSouthampton 1
16%
Per FrandsenBolton Wanderers3
16%
Rod WallaceBolton Wanderers3
16%
Scot GemmillEverton 1
16%
Shaun BartlettCharlton Athletic1
16%
Steed MalbranqueFulham 8
16%
Steffen IversenTottenham Hotspur4
16%
Steve WatsonEverton 4
16%
Szilárd NémethMiddlesbrough 3
16%
Youri DjorkaeffBolton Wanderers4
16%
Alan StubbsEverton 2
11%
Andrew O'BrienNewcastle United2
11%
Brian DeaneMiddlesbrough1
11%
Brian DeaneLeicester City6
11%
Bruno N'GottyBolton Wanderers1
11%
Carl CortNewcastle United1
11%
Charlie MacDonaldCharlton Athletic1
11%
Chris MarsdenSouthampton 3
11%
Colin CooperMiddlesbrough 2
11%
Danny HigginbothamDerby County1
11%
Eirik BakkeLeeds United2
11%
Émerson ThomeSunderland 1
11%
Finidi GeorgeIpswich Town6
11%
Giovanni van BronckhorstArsenal 1
11%
Graham StuartCharlton Athletic3
11%
Guðni BergssonBolton Wanderers1
11%
Jamie ClaphamIpswich Town2
11%
Jari LitmanenLiverpool 4
11%
Jason McAteerSunderland2
11%
Jody CraddockSunderland 1
11%
John RobinsonCharlton Athletic1
11%
Jo TessemSouthampton 2
11%
Julio ArcaSunderland 1
11%
Lomana LuaLuaNewcastle United3
11%
Mario StanićChelsea 1
11%
Mark PembridgeEverton 1
11%
Marvin RobinsonDerby County1
11%
Mikael ForssellChelsea 4
11%
Mustapha HadjiAston Villa2
11%
Nikolaos DabizasNewcastle United3
11%
Noel WhelanMiddlesbrough 4
11%
Paul DickovLeicester City4
11%
Paul KitsonWest Ham United3
11%
Paul KoncheskyCharlton Athletic1
11%
Peter SchmeichelAston Villa1
11%
Richard RufusCharlton Athletic1
11%
Robbie MustoeMiddlesbrough 2
11%
Rory DelapSouthampton 2
11%
Stefan OakesLeicester City1
11%
Steve LomasWest Ham United4
11%
Steve MarletFulham 6
11%
Steve StoneAston Villa1
11%
Sylvain LegwinskiFulham 3
11%
William GallasChelsea 1
11%
Alan MahonBlackburn Rovers1
5%
Allan JohnstonMiddlesbrough 1
5%
Bjarne GoldbækFulham 1
5%
Bo HansenBolton Wanderers1
5%
Branko StruparDerby County4
5%
Carlos MarinelliMiddlesbrough 2
5%
Chris Bart-WilliamsCharlton Athletic1
5%
Christian ZiegeTottenham Hotspur5
5%
Clarence AcuñaNewcastle United3
5%
Claudio ReynaSunderland 3
5%
Corrado GrabbiBlackburn Rovers1
5%
Craig HignettBlackburn Rovers4
5%
Dean WindassMiddlesbrough 1
5%
Don HutchisonWest Ham United1
5%
Fabrice FernandesSouthampton 1
5%
Franck QueudrueMiddlesbrough 2
5%
Fredi BobicBolton Wanderers4
5%
Gianluca FestaMiddlesbrough 1
5%
Hassan KachloulAston Villa2
5%
Ian PearceWest Ham United2
5%
John McGrealIpswich Town1
5%
Jon StevensonLeicester City1
5%
Keith GillespieBlackburn Rovers3
5%
Lucas NeillBlackburn Rovers1
5%
Mark VenusIpswich Town1
5%
Matt PiperLeicester City1
5%
Nicky SouthallBolton Wanderers1
5%
Patrick M'BomaSunderland 1
5%
Richard NaylorIpswich Town1
5%
Robbie StockdaleMiddlesbrough 1
5%
Samuele Dalla BonaChelsea 4
5%
Sébastien SchemmelWest Ham United1
5%
Sixto PeraltaIpswich Town3
5%
Stefan SchwarzSunderland 1
5%
Tahar El KhalejSouthampton 1
5%
Thomas GaardsøeIpswich Town1
5%
Thomas HitzlspergerAston Villa1
5%
YordiBlackburn Rovers2
5%
Youl MawénéDerby County1
5%

Score Distribution

Percentile by Number Answered

Percent of People with Each Score

Your Score History

You have not taken this quiz